Entry Nombre corporativo
001 - NÚMERO DE CONTROL
- campo de control: 85000
003 - IDENTIFICADOR DEL NÚMERO DE CONTROL
- campo de control: BNPHU
005 - FECHA Y HORA DE LA ÚLTIMA TRANSACCIÓN
- campo de control: 20250303093324.0
008 - DATOS DE LONGITUD FIJA
- campo de control de longitud fija: 240311|| aca||aabn | a|a d
010 ## - NÚMERO DE CONTROL DE LA BIBLIOTECA DEL CONGRESO
- Número de control de LC: no2005096226
040 ## - FUENTE DE LA CATALOGACIÓN
- Centro catalogador/agencia de origen: DO-SdBNP
- Lengua de catalogación: spa
- Centro/agencia transcriptor: BNPHU
- Normas de descripción: rda
110 2# - ENCABEZAMIENTO-NOMBRE DE ENTIDAD CORPORATIVA
- Nombre de entidad corporativa o nombre de jurisdicción como elemento de entrada: Consejo Nacional de la Empresa Privada (República Dominicana)
410 1# - TRAZADO DE VÉASE--NOMBRE DE ENTIDAD CORPORATIVA
- Nombre de entidad corporativa o nombre de jurisdicción como elemento de entrada: República Dominicana
- Unidad subordinada: Consejo Nacional de la Empresa Privada
410 1# - TRAZADO DE VÉASE--NOMBRE DE ENTIDAD CORPORATIVA
- Nombre de entidad corporativa o nombre de jurisdicción como elemento de entrada: CONEP
510 ## - TRAZADO DE VÉASE ADEMÁS--NOMBRE DE ENTIDAD CORPORATIVA
- Nombre de entidad corporativa o nombre de jurisdicción como elemento de entrada: Consejo Nacional de Hombres de Empresa (República Dominicana)
670 ## - FUENTE DE DATOS ENCONTRADOS
- Cita de la fuente: Agenda empresarial para el desarrallo, 2004
- Información encontrada: (Consejo Nacional de la Empresa Privada, CONEP), p. 21
670 ## - FUENTE DE DATOS ENCONTRADOS
- Cita de la fuente: Colección de obras consultivas del Consejo Nacional de Hombres de Empresa ; ejemplar 1. Tejera, E.J. Diagnóstico de la economía dominicana, 1979-1981 ... 1981
